මානව සම්පත් කළමනාකරණය සඳහා කම්කරු නීතිය 2 විනය හා කාර්යසාධනය/

Saved in:
Bibliographic Details
Main Author: කෝරළේගේ, දයාරත්න
Format: Book
Language:Undetermined
Sinhalese
Published: අම්බලන්ගොඩ : කර්තෘ, 2001.
Subjects:
Tags: Add Tag
No Tags, Be the first to tag this record!

MARC

LEADER 00000nam a2200000Ia 4500
003 LK-RuCL
005 20220207171954.0
008 220207s9999 xx 000 0 und d
020 |a 9559708929 
040 |a LK-RuCL  |b sin  |d LK-RuCL 
041 |a sin 
082 |a 340  |b කෝරළේ 
100 |a කෝරළේගේ, දයාරත්න 
245 0 |a මානව සම්පත් කළමනාකරණය සඳහා කම්කරු නීතිය 2 විනය හා කාර්යසාධනය/  |c දයාරත්න කෝරළේගේ 
260 |a අම්බලන්ගොඩ :  |b කර්තෘ,  |c 2001. 
300 |a පි.145 ;  |c සෙ.මී. 21 
500 |a ප්‍රථම මුද්‍රණය 2001 
650 |a නීතිය 
942 |c LBK 
999 |c 5879  |d 5879